[Event "C.to Italiano Semifinale"]
[Site "Saint Vincent - Chatillon ITA"]
[Date "1999.06.21"]
[Round "2"]
[White "Camerini, Lorenzo"]
[Black "Fabiano, Giuseppe"]
[Result "0-1"]
[WhiteElo "1621"]
[BlackElo "2282"]
[PlyCount "144"]
[EventDate "1999.06.20"]

1. d4 Nf6 2. Nf3 d6 3. c4 Nbd7 4. Nc3 e5 5. e4 Be7 6. Be2 O-O 7. O-O c6 8. Qc2
a6 9. Re1 Re8 10. h3 b5 11. d5 cxd5 12. Nxd5 Nxd5 13. cxd5 Bb7 14. b4 Rc8 15.
Qb3 Nb6 16. Be3 Na4 17. Rac1 Rxc1 18. Rxc1 Qa8 19. Ne1 Rc8 20. Bg4 Rxc1 21.
Bxc1 g6 22. Qc2 Qd8 23. Nd3 h5 24. Bd1 Nb6 25. Nb2 Qc8 26. Qxc8+ Bxc8 27. Bb3
f5 28. f3 f4 29. a4 Bd7 30. a5 Nc8 31. Nd3 Kg7 32. Bb2 Bf6 33. Bc3 g5 34. Bd1
Ne7 35. Be1 Ng6 36. Kh2 Kf8 37. Bf2 Ke7 38. Be2 Nh8 39. Be1 Nf7 40. Nf2 Nh6 41.
Kg1 Kf7 42. Kh2 Kg6 43. Bc3 Bd8 44. Be1 Bc7 45. Bc3 Bb8 46. Bd2 Ba7 47. Be1 Bd4
48. Bd1 Ng8 49. Be2 Nf6 50. Bd1 Kh6 51. Be2 g4 52. hxg4 hxg4 53. Nd3 Kg5 54.
Bd1 Be8 55. Bd2 gxf3 56. Bxf3 Bg6 57. g3 Be3 58. gxf4+ exf4 59. Bxe3 fxe3 60.
Kg3 Nxe4+ 61. Bxe4 Bxe4 62. Nf4 Kf5 63. Ne6 Bxd5 64. Nc7 Bb7 65. Ne8 Ke5 66.
Ng7 d5 67. Kf3 d4+ 68. Ke2 Ke4 69. Ne6 d3+ 70. Ke1 Ke5 71. Nc5 d2+ 72. Ke2 Bf3+
0-1

[Event "C.to Italiano Semifinale"]
[Site "Saint Vincent - Chatillon ITA"]
[Date "1999.06.21"]
[Round "2"]
[White "Caposciutti, Maurizio"]
[Black "Retter, Martin"]
[Result "1-0"]
[WhiteElo "2273"]
[BlackElo "1588"]
[PlyCount "45"]
[EventDate "1999.06.20"]

1. Nf3 b6 2. e4 Bb7 3. Nc3 e6 4. d4 d5 5. Bb5+ c6 6. Bd3 Nf6 7. Qe2 Bb4 8. exd5
Nxd5 9. Bd2 Nd7 10. h4 Bxc3 11. bxc3 Qc7 12. g3 O-O 13. h5 h6 14. c4 N5f6 15.
Bf4 Qc8 16. g4 Nxg4 17. Rg1 Ndf6 18. Ne5 Qc7 19. Bg3 Nxe5 20. Bxe5 Qe7 21.
Rxg7+ Kh8 22. Rh7+ Kg8 23. Qg4+ 1-0

[Event "C.to Italiano Semifinale"]
[Site "Saint Vincent - Chatillon ITA"]
[Date "1999.06.21"]
[Round "2"]
[White "Collutiis, Duilio"]
[Black "Mauro, Alan"]
[Result "1/2-1/2"]
[WhiteElo "2196"]
[BlackElo "2263"]
[PlyCount "73"]
[EventDate "1999.06.20"]

1. e4 c5 2. Nc3 Nc6 3. f4 g6 4. Nf3 Bg7 5. Bb5 Nd4 6. Bd3 d6 7. Nxd4 cxd4 8.
Ne2 e6 9. c3 dxc3 10. dxc3 Ne7 11. O-O O-O 12. Qb3 Qc7 13. Be3 Bd7 14. c4 Nc6
15. Rac1 b6 16. Kh1 Rac8 17. a3 Qb8 18. Qa2 Kh8 19. b4 f5 20. Rb1 Rce8 21. c5
fxe4 22. Bxe4 d5 23. Bf3 bxc5 24. Bxc5 Rf7 25. Qd2 Qc7 26. Rfc1 Qd8 27. Nd4 Qf6
28. Nxc6 Bxc6 29. Bd6 Bb5 30. Be5 Qf5 31. Bxg7+ Kxg7 32. g3 Bc4 33. Bg2 h5 34.
Re1 h4 35. Qd4+ Qf6 36. Re5 hxg3 37. hxg3 1/2-1/2

[Event "C.to Italiano Semifinale"]
[Site "Saint Vincent - Chatillon ITA"]
[Date "1999.06.21"]
[Round "2"]
[White "Costantini, Roberto"]
[Black "Bellia, Fabrizio"]
[Result "1/2-1/2"]
[WhiteElo "2158"]
[BlackElo "2340"]
[PlyCount "51"]
[EventDate "1999.06.20"]

1. e4 e5 2. Nf3 Nc6 3. Bb5 a6 4. Bxc6 dxc6 5. O-O f6 6. d4 exd4 7. Nxd4 c5 8.
Nb3 Qxd1 9. Rxd1 Bg4 10. f3 Be6 11. Nc3 Bd6 12. Be3 b6 13. a4 Kf7 14. a5 c4 15.
Nd4 b5 16. Nxe6 Kxe6 17. Ne2 Ne7 18. Bf4 Rhd8 19. Bxd6 Rxd6 20. Rxd6+ cxd6 21.
Rd1 Rd8 22. Kf2 Nc6 23. Nd4+ Nxd4 24. Rxd4 d5 25. Ke3 Rd6 26. g3 1/2-1/2

[Event "C.to Italiano Semifinale"]
[Site "Saint Vincent - Chatillon ITA"]
[Date "1999.06.21"]
[Round "2"]
[White "Dorighet, Claudio"]
[Black "Genocchio, Daniele"]
[Result "1-0"]
[WhiteElo "2110"]
[BlackElo "2247"]
[PlyCount "65"]
[EventDate "1999.06.20"]

1. c4 Nc6 2. Nc3 e5 3. g3 g6 4. Bg2 Bg7 5. e4 d6 6. Nge2 h5 7. h4 Be6 8. d3 Nf6
9. Nd5 Nd7 10. O-O a5 11. Be3 Nd4 12. Bxd4 exd4 13. Ndf4 g5 14. hxg5 Qxg5 15.
Qc1 Qe7 16. e5 Nxe5 17. Nxd4 Nxd3 18. Nxd3 Bxd4 19. Bxb7 Rg8 20. Qf4 Rg4 21.
Bc6+ Kd8 22. Qf3 Qg5 23. Kg2 Rb8 24. Rae1 Qg8 25. Nf4 Rxb2 26. Nxe6+ fxe6 27.
Rxe6 Rxg3+ 28. Qxg3 Qxe6 29. Re1 Be5 30. Qg5+ Kc8 31. Qxh5 Qg8+ 32. Kh1 Rxf2
33. Qh3+ 1-0

[Event "C.to Italiano Semifinale"]
[Site "Saint Vincent - Chatillon ITA"]
[Date "1999.06.21"]
[Round "2"]
[White "Mariano, Elia"]
[Black "Valenti, Giuseppe"]
[Result "1-0"]
[WhiteElo "2254"]
[BlackElo "2200"]
[PlyCount "65"]
[EventDate "1999.06.20"]

1. c4 e6 2. Nc3 d5 3. d4 Nf6 4. cxd5 exd5 5. Bg5 Be7 6. e3 c6 7. Bd3 Bg4 8. Qc2
h6 9. Bh4 Nbd7 10. f3 Be6 11. Nge2 Qa5 12. O-O a6 13. a3 Qd8 14. Rae1 c5 15.
Nf4 O-O 16. Bf2 Bd6 17. Nxe6 fxe6 18. Kh1 Qc7 19. Bg1 e5 20. Nxd5 Nxd5 21. Bc4
N7b6 22. dxe5 Bxe5 23. e4 Kh8 24. Bxd5 Rac8 25. Be6 Rce8 26. Bf5 Rf6 27. b3 Rc6
28. Rd1 Bd6 29. a4 c4 30. bxc4 Nxc4 31. Qa2 Ne5 32. f4 Nf7 33. e5 1-0

[Event "C.to Italiano Semifinale"]
[Site "Saint Vincent - Chatillon ITA"]
[Date "1999.06.21"]
[Round "2"]
[White "Martorelli, Antonio"]
[Black "Nannelli, Paolo"]
[Result "1/2-1/2"]
[WhiteElo "2346"]
[BlackElo "2239"]
[PlyCount "160"]
[EventDate "1999.06.20"]

1. e4 e5 2. Nf3 d6 3. d4 Nf6 4. dxe5 Nxe4 5. Nbd2 Nxd2 6. Bxd2 Be7 7. Bf4 dxe5
8. Qxd8+ Bxd8 9. Nxe5 Be6 10. Bb5+ c6 11. Bc4 Bxc4 12. Nxc4 O-O 13. O-O-O Na6
14. Rhe1 b5 15. Ne5 Bc7 16. Bg3 Bxe5 17. Rxe5 Nb4 18. a4 a6 19. Rc5 Rfd8 20.
Bd6 Rd7 21. Re5 f6 22. Ree1 Nd5 23. Bc5 Kf7 24. b3 Rad8 25. Rd3 Nc7 26. Re7+
Rxe7 27. Rxd8 Re5 28. Rd7+ Ke6 29. Rxc7 Rxc5 30. Rxg7 bxa4 31. bxa4 h5 32. Kb2
Rf5 33. f3 h4 34. h3 a5 35. Rg4 Rg5 36. Rxh4 Rxg2 37. Rh5 Rg5 38. Rh4 Rf5 39.
Re4+ Kd5 40. Re3 Rh5 41. Rd3+ Kc5 42. Rc3+ Kd5 43. f4 Rh4 44. Rd3+ Kc5 45. Rf3
Kb4 46. f5 Kxa4 47. Rg3 Kb5 48. Rg6 Rxh3 49. Rxf6 Rf3 50. Rf8 a4 51. f6 Kc5 52.
f7 Kd6 53. Rd8+ Ke7 54. Rc8 Kxf7 55. Rxc6 Ke7 56. Rc4 a3+ 57. Ka2 Kd6 58. c3
Rf8 59. Kxa3 Rb8 60. Ka4 Kd5 61. Rb4 Rc8 62. Kb3 Ra8 63. Rb5+ Kc6 64. Kb4 Ra1
65. Rh5 Rb1+ 66. Kc4 Rg1 67. Rh6+ Kc7 68. Kc5 Rg5+ 69. Kb4 Rg1 70. c4 Rg5 71.
Re6 Rh5 72. Re7+ Kc6 73. Rg7 Rf5 74. Rg6+ Kc7 75. Rh6 Rg5 76. Rh4 Kc6 77. c5
Rg1 78. Rh6+ Kc7 79. Rh4 Rb1+ 80. Kc4 Rc1+ 1/2-1/2

[Event "C.to Italiano Semifinale"]
[Site "Saint Vincent - Chatillon ITA"]
[Date "1999.06.21"]
[Round "2"]
[White "Pegoraro, Nicola"]
[Black "Malfagia, Andrea"]
[Result "0-1"]
[WhiteElo "2072"]
[BlackElo "2308"]
[PlyCount "120"]
[EventDate "1999.06.20"]

1. e4 e6 2. d4 d5 3. e5 c5 4. c3 Qb6 5. Nf3 Bd7 6. Be2 Nc6 7. O-O f6 8. exf6
Nxf6 9. dxc5 Bxc5 10. b4 Bd6 11. Bb2 O-O 12. a3 Ne5 13. Nbd2 Rac8 14. Rc1 a5
15. Qe1 Nxf3+ 16. Bxf3 Bf4 17. g3 Bh6 18. Kg2 e5 19. Rd1 e4 20. Be2 axb4 21.
axb4 d4 22. Nc4 Qe6 23. Rxd4 Qh3+ 24. Kg1 Ng4 25. Bxg4 Bxg4 26. f3 exf3 27. Rf2
Rce8 28. Re4 Bd7 29. Nd6 Rxe4 30. Qxe4 Qe6 31. Qxe6+ Bxe6 32. c4 Be3 33. Kf1
Bh3+ 34. Ke1 Bxf2+ 35. Kxf2 Bg2 36. c5 Ra8 37. Nc4 Kf7 38. b5 Ra4 39. Ne5+ Ke6
40. Nd3 Ra2 41. g4 g6 42. c6 bxc6 43. bxc6 Kd6 44. Kg3 Ra4 45. Ne5 Re4 46. Nxf3
Bxf3 47. Kxf3 Rc4 48. Kg3 Kxc6 49. Bg7 Kd5 50. Kh4 Ke6 51. h3 Kf7 52. Bh6 Kf6
53. Bf8 Rc3 54. Bh6 Rd3 55. Bc1 Ke5 56. Bb2+ Ke4 57. Bf6 Rf3 58. Bd8 Ke3 59.
Bb6+ Ke2 60. g5 Rb3 0-1

[Event "C.to Italiano Semifinale"]
[Site "Saint Vincent - Chatillon ITA"]
[Date "1999.06.21"]
[Round "2"]
[White "Petruccioli, Antonio"]
[Black "Pantaleoni, Claudio"]
[Result "1/2-1/2"]
[WhiteElo "2013"]
[BlackElo "2184"]
[PlyCount "38"]
[EventDate "1999.06.20"]

1. e4 c5 2. Nf3 Nc6 3. Bb5 e6 4. O-O Nge7 5. Re1 a6 6. Bf1 d5 7. exd5 Nxd5 8.
d4 Nf6 9. c3 Be7 10. Ne5 Nxe5 11. dxe5 Qxd1 12. Rxd1 Nd7 13. Re1 b6 14. Nd2 Bb7
15. a4 O-O 16. g3 Rfd8 17. f4 h6 18. h4 Rab8 19. Kf2 g6 1/2-1/2

[Event "C.to Italiano Semifinale"]
[Site "Saint Vincent - Chatillon ITA"]
[Date "1999.06.21"]
[Round "2"]
[White "Ranieri, Fabrizio"]
[Black "Sarno, Spartaco"]
[Result "0-1"]
[WhiteElo "2166"]
[BlackElo "2358"]
[PlyCount "79"]
[EventDate "1999.06.20"]

1. e4 d6 2. d4 g6 3. Nc3 Bg7 4. Be3 Nf6 5. Qd2 O-O 6. f3 c6 7. O-O-O b5 8. g4
Qa5 9. Kb1 Re8 10. h4 h5 11. e5 dxe5 12. dxe5 b4 13. Nce2 Be6 14. Nc1 Qxe5 15.
Bd4 Qd5 16. Bg2 Nbd7 17. f4 Ne4 18. Qd3 Qxd4 19. Qxd4 Bxd4 20. Bxe4 Bxg1 21.
Rhxg1 Bxg4 22. Rxg4 Nf6 23. Bxc6 Nxg4 24. Bxa8 Rxa8 25. Re1 e6 26. Nd3 a5 27.
c4 bxc3 28. bxc3 Rc8 29. Kb2 Nf6 30. Kb3 a4+ 31. Kxa4 Rxc3 32. Ne5 Nd5 33. Rb1
Rc7 34. Rf1 Kg7 35. Kb3 Rb7+ 36. Ka3 Kf6 37. Nc4 Rc7 38. Nd6 Ke7 39. Nb5 Rc4
40. Na7 0-1

[Event "C.to Italiano Semifinale"]
[Site "Saint Vincent - Chatillon ITA"]
[Date "1999.06.21"]
[Round "2"]
[White "Scavo, Fernando"]
[Black "Rettore, Ludwig"]
[Result "1-0"]
[WhiteElo "2301"]
[BlackElo "1675"]
[PlyCount "65"]
[EventDate "1999.06.20"]

1. e4 e5 2. Nc3 Nf6 3. Bc4 Nxe4 4. Qh5 Nd6 5. Bb3 Nc6 6. Nb5 g6 7. Qf3 f5 8.
Qd5 Qe7 9. Nxc7+ Kd8 10. Nxa8 b6 11. Nxb6 axb6 12. Qf3 Bb7 13. Qh3 Bg7 14. c3
e4 15. Qe3 Ne5 16. Ne2 Nd3+ 17. Kf1 g5 18. Qxb6+ Kc8 19. Nd4 f4 20. Nb5 Nxb5
21. Qxb5 Qd6 22. Bc4 Ne5 23. d4 Kb8 24. Bxf4 gxf4 25. dxe5 Bxe5 26. Ke1 Qc7 27.
Rd1 Kc8 28. Bd5 Bxd5 29. Rxd5 d6 30. Kd1 e3 31. Kc2 exf2 32. Rhd1 h5 33. Qa6+
1-0

[Event "C.to Italiano Semifinale"]
[Site "Saint Vincent - Chatillon ITA"]
[Date "1999.06.21"]
[Round "2"]
[White "Tatai, Stefano"]
[Black "Ferri, Stefano"]
[Result "1-0"]
[WhiteElo "2359"]
[BlackElo "2091"]
[PlyCount "107"]
[EventDate "1999.06.20"]

1. d4 Nf6 2. c4 g6 3. Nc3 Bg7 4. e4 d6 5. f3 O-O 6. Bg5 c5 7. d5 Na6 8. Qd2 Nc7
9. Bh6 a6 10. a4 Rb8 11. a5 b5 12. axb6 Rxb6 13. Bxg7 Kxg7 14. Bd3 Bd7 15. Nge2
Qb8 16. Ra2 a5 17. O-O Qb7 18. Nd1 a4 19. Nec3 Rb4 20. Ne3 Rb8 21. Rf2 Qc8 22.
f4 Qh8 23. e5 Nfe8 24. Qe2 Kg8 25. Ned1 e6 26. dxe6 Nxe6 27. Nd5 dxe5 28. fxe5
Nd4 29. Qe3 Qg7 30. N1c3 Rb3 31. Nxa4 Rxd3 32. Qxd3 Qxe5 33. Nxc5 Bg4 34. Qe4
Qxe4 35. Nxe4 Kg7 36. b4 Be6 37. Ra7 Nc6 38. Ra4 Ne5 39. Ng5 Bf5 40. Ne3 Bd3
41. c5 h6 42. Nf3 Nc6 43. Nd5 Bc4 44. Nb6 Bb5 45. Ra8 Nc7 46. Rxb8 Nxb8 47. Nd4
Bd3 48. c6 Be4 49. b5 Nxb5 50. Nxb5 Bxc6 51. Nd4 Be4 52. Ra2 Kf6 53. Ra7 Ke5
54. Nd7+ 1-0

[Event "C.to Italiano Semifinale"]
[Site "Saint Vincent - Chatillon ITA"]
[Date "1999.06.21"]
[Round "2"]
[White "Tocco, Paolo"]
[Black "Rossi, Carlo"]
[Result "0-1"]
[WhiteElo "2150"]
[BlackElo "2371"]
[PlyCount "68"]
[EventDate "1999.06.20"]

1. e4 Nc6 2. Nf3 d6 3. d4 Nf6 4. Nc3 Bg4 5. Be3 g6 6. Be2 Bg7 7. h3 Bxf3 8.
Bxf3 O-O 9. O-O Nd7 10. Ne2 e5 11. c3 Kh8 12. Qd2 f5 13. exf5 gxf5 14. Bxc6
bxc6 15. dxe5 Nxe5 16. b3 Rg8 17. f4 Ng6 18. Nd4 Qd7 19. Nf3 a5 20. Rae1 a4 21.
b4 h6 22. Bd4 Kh7 23. h4 Bxd4+ 24. Qxd4 Qf7 25. Re2 Rg7 26. h5 Ne7 27. Rfe1 Ng8
28. Qd3 Rg4 29. Nd4 Rxf4 30. g3 Rg4 31. Nxf5 Kh8 32. Ne7 Qxh5 33. Rh2 Qg5 34.
Rh3 Nxe7 0-1

[Event "C.to Italiano Semifinale"]
[Site "Saint Vincent - Chatillon ITA"]
[Date "1999.06.21"]
[Round "2"]
[White "Ventura, Sergio"]
[Black "Wild, Alexander"]
[Result "1-0"]
[WhiteElo "2209"]
[BlackElo "1732"]
[PlyCount "59"]
[EventDate "1999.06.20"]

1. f4 d5 2. e3 g6 3. Nf3 Bg7 4. Bd3 c5 5. c3 Nc6 6. O-O Nf6 7. Bc2 O-O 8. d4
Bg4 9. Nbd2 b6 10. h3 Bc8 11. g4 Bb7 12. Ne5 Nxe5 13. fxe5 Ne4 14. Qe1 e6 15.
Nxe4 dxe4 16. b3 Rc8 17. Ba3 Qg5 18. Qg3 h5 19. Rf4 h4 20. Qg2 Rfd8 21. Bxe4
Bxe4 22. Qxe4 cxd4 23. cxd4 Rd5 24. Raf1 Rc7 25. Bd6 Rd7 26. Qc2 Qd8 27. R4f3
Bh6 28. Kh2 Bg5 29. Rxf7 Rxf7 30. Qxg6+ 1-0

[Event "C.to Italiano Semifinale"]
[Site "Saint Vincent - Chatillon ITA"]
[Date "1999.06.21"]
[Round "2"]
[White "Vezzosi, Paolo"]
[Black "Luciani, Valerio"]
[Result "1-0"]
[WhiteElo "2339"]
[BlackElo "2238"]
[PlyCount "41"]
[EventDate "1999.06.20"]

1. Nf3 d6 2. d4 f5 3. g3 g6 4. Bg2 Bg7 5. O-O Nf6 6. c4 O-O 7. b4 c5 8. a3 Nc6
9. d5 Ne4 10. dxc6 Bxa1 11. Qd5+ e6 12. cxb7 Rb8 13. bxc8=Q exd5 14. Qe6+ Kg7
15. Qxd5 cxb4 16. axb4 Rxb4 17. Nd4 Bxd4 18. Qxd4+ Qf6 19. Qxa7+ Qf7 20. Qd4+
Qf6 21. Be3 1-0

[Event "C.to Italiano Semifinale"]
[Site "Saint Vincent - Chatillon ITA"]
[Date "1999.06.22"]
[Round "3"]
[White "Bellia, Fabrizio"]
[Black "Astengo, Corrado"]
[Result "1-0"]
[WhiteElo "2340"]
[BlackElo "2191"]
[PlyCount "55"]
[EventDate "1999.06.20"]

1. e4 c5 2. Nf3 d6 3. d4 cxd4 4. Nxd4 Nf6 5. Nc3 a6 6. Be2 e5 7. Nb3 Be7 8. Be3
Be6 9. Qd2 Nbd7 10. f4 b5 11. a3 Qc7 12. f5 Bc4 13. g4 Nb6 14. g5 Nfd7 15.
O-O-O Rc8 16. Kb1 Bxe2 17. Qxe2 Qc4 18. Qd3 Nc5 19. Nxc5 dxc5 20. Nd5 Qxd3 21.
Rxd3 Nc4 22. f6 gxf6 23. gxf6 Bd8 24. Bh6 Rc6 25. Bg7 Rg8 26. Rhd1 h6 27. Nb4
Rc8 28. Nc6 1-0

[Event "C.to Italiano Semifinale"]
[Site "Saint Vincent - Chatillon ITA"]
[Date "1999.06.22"]
[Round "3"]
[White "Buchicchio, Giancarlo"]
[Black "Tocco, Paolo"]
[Result "0-1"]
[WhiteElo "1771"]
[BlackElo "2150"]
[PlyCount "50"]
[EventDate "1999.06.20"]

1. e4 e5 2. Nf3 Nc6 3. Bc4 Bc5 4. b4 Bxb4 5. c3 Ba5 6. d4 d6 7. Qb3 Qd7 8. Bg5
Bb6 9. dxe5 dxe5 10. Nbd2 Na5 11. Qc2 f6 12. Bxg8 Rxg8 13. Bh4 Qc6 14. O-O Be6
15. Rfd1 g5 16. Bg3 O-O-O 17. Nb3 h5 18. h3 Rxd1+ 19. Rxd1 g4 20. hxg4 Nc4 21.
g5 Bg4 22. Rd3 Bxf3 23. Rxf3 fxg5 24. Qe2 h4 25. Bh2 g4 0-1

[Event "C.to Italiano Semifinale"]
[Site "Saint Vincent - Chatillon ITA"]
[Date "1999.06.22"]
[Round "3"]
[White "Ciuffoletti, Paolo"]
[Black "Tatai, Stefano"]
[Result "1/2-1/2"]
[WhiteElo "2163"]
[BlackElo "2359"]
[PlyCount "46"]
[EventDate "1999.06.20"]

1. e4 c5 2. d4 cxd4 3. c3 d3 4. Bxd3 Nc6 5. c4 e6 6. Nc3 a6 7. Nf3 Qc7 8. O-O
Nf6 9. h3 b6 10. Re1 d6 11. Be3 Bb7 12. Rc1 Ne5 13. Nxe5 dxe5 14. Na4 Bc5 15.
Nxc5 bxc5 16. Qa4+ Nd7 17. Bd2 a5 18. Rc3 Bc6 19. Qd1 O-O 20. Ra3 Rfb8 21. Bc3
Rb7 22. Bc2 Rba7 23. Ba4 Nb8 1/2-1/2

[Event "C.to Italiano Semifinale"]
[Site "Saint Vincent - Chatillon ITA"]
[Date "1999.06.22"]
[Round "3"]
[White "D'Innocente, Stefano"]
[Black "Ventura, Sergio"]
[Result "1-0"]
[WhiteElo "1693"]
[BlackElo "2209"]
[PlyCount "111"]
[EventDate "1999.06.20"]

1. e4 a6 2. d4 b5 3. Nf3 Bb7 4. Bd3 e6 5. O-O c5 6. c3 Qb6 7. Qe2 Nf6 8. Bg5 h6
9. Bxf6 gxf6 10. Nbd2 Nc6 11. dxc5 Qxc5 12. Rfc1 Bd6 13. b4 Qh5 14. a4 bxa4 15.
Rxa4 Bf4 16. Rca1 Ke7 17. Nf1 Ne5 18. Bxa6 Bxa6 19. Rxa6 Nxf3+ 20. Qxf3 Qxf3
21. gxf3 Rxa6 22. Rxa6 Rc8 23. Ra3 Be5 24. c4 Rxc4 25. Rb3 Kd6 26. Ne3 Rc1+ 27.
Kg2 h5 28. b5 Kc7 29. h4 Kb6 30. Nf1 Rc2 31. Ng3 Bd4 32. Nxh5 Bxf2 33. Kh3 Bd4
34. Nf4 Be5 35. Kg4 Rh2 36. Nh5 Rg2+ 37. Kh3 Rh2+ 38. Kg4 Rg2+ 39. Kh3 Rg6 40.
f4 Ba1 41. Rd3 Kxb5 42. Rxd7 Rh6 43. Ng7 f5 44. e5 Kc6 45. Rd6+ Kc5 46. Nxf5
Rh8 47. Ng3 Bb2 48. Ne4+ Kc4 49. Nf6 Bd4 50. Kg4 Kd3 51. Rd7 Rf8 52. h5 Ra8 53.
h6 Ra1 54. h7 Rg1+ 55. Kf3 Rh1 56. Rd8 1-0

[Event "C.to Italiano Semifinale"]
[Site "Saint Vincent - Chatillon ITA"]
[Date "1999.06.22"]
[Round "3"]
[White "Fabiano, Giuseppe"]
[Black "Collutiis, Duilio"]
[Result "1-0"]
[WhiteElo "2282"]
[BlackElo "2196"]
[PlyCount "121"]
[EventDate "1999.06.20"]

1. d4 Nf6 2. Nf3 e6 3. c4 Bb4+ 4. Bd2 c5 5. Bxb4 cxb4 6. Nbd2 O-O 7. e3 d6 8.
Be2 Re8 9. O-O e5 10. Nb3 Nbd7 11. Qd2 a5 12. Rfd1 Qc7 13. Rac1 b6 14. Qc2 Ba6
15. Nbd2 Nf8 16. Bd3 Bb7 17. Ne4 N6d7 18. dxe5 dxe5 19. Nd6 e4 20. Bxe4 Bxe4
21. Nxe4 Re6 22. Ng3 Nc5 23. Rd4 a4 24. Qd2 b3 25. a3 Rc6 26. Qb4 Rc8 27. Rg4
Rg6 28. Rxg6 hxg6 29. Rf1 Nce6 30. Qxa4 Qxc4 31. Qxc4 Rxc4 32. Nd2 Rc2 33. Nxb3
Rxb2 34. Nd4 Nc5 35. Ra1 Nd3 36. f3 Nd7 37. Nge2 N7c5 38. Nc3 Nb3 39. Rb1 Rxb1+
40. Nxb1 Na5 41. Nd2 Kf8 42. Kf1 Ke7 43. Ke2 Nc1+ 44. Kd1 Nd3 45. Nc2 Ke6 46.
h4 Ke5 47. g3 f6 48. e4 Kd6 49. Ke2 Nb2 50. Ke3 Nd1+ 51. Kd4 b5 52. Nb4 Nb2 53.
f4 Na4 54. e5+ Ke6 55. Ne4 Nc4 56. exf6 gxf6 57. Nc2 Kf5 58. Nf2 Ke6 59. g4 Nd6
60. Ne4 Nxe4 61. Kxe4 1-0

[Event "C.to Italiano Semifinale"]
[Site "Saint Vincent - Chatillon ITA"]
[Date "1999.06.22"]
[Round "3"]
[White "Ferri, Stefano"]
[Black "Pegoraro, Nicola"]
[Result "1/2-1/2"]
[WhiteElo "2091"]
[BlackElo "2072"]
[PlyCount "105"]
[EventDate "1999.06.20"]

1. e4 c5 2. f4 Nc6 3. Nf3 d6 4. Nc3 Nf6 5. d3 g6 6. g3 Bg7 7. Bg2 O-O 8. O-O
Rb8 9. Ne2 c4 10. h3 cxd3 11. cxd3 Qb6+ 12. Kh2 Bd7 13. Rb1 Rfc8 14. b4 a5 15.
a3 axb4 16. axb4 Ra8 17. Bd2 Na7 18. e5 Nd5 19. Ng5 Bc6 20. Qb3 e6 21. b5 Qxb5
22. Qc4 Qxc4 23. dxc4 Ne7 24. Rxb7 Bxb7 25. Bxb7 h6 26. exd6 hxg5 27. dxe7 gxf4
28. Bxf4 Nc6 29. Bxa8 Rxa8 30. Bd6 Re8 31. Rb1 Nxe7 32. c5 Nc6 33. Kg2 Rc8 34.
Nc1 Bf8 35. Rb7 Bxd6 36. cxd6 Rd8 37. d7 Ne5 38. Ne2 Rxd7 39. Rb5 Nc6 40. Nf4
Nd4 41. Rc5 Nf5 42. h4 Ra7 43. Rc3 Kg7 44. Kh3 e5 45. Ng2 Rd7 46. g4 Ne7 47.
Re3 Rd5 48. Ne1 f5 49. Nf3 e4 50. gxf5 gxf5 51. Ne1 Kf6 52. h5 f4 53. Rxe4
1/2-1/2

[Event "C.to Italiano Semifinale"]
[Site "Saint Vincent - Chatillon ITA"]
[Date "1999.06.22"]
[Round "3"]
[White "Genocchio, Daniele"]
[Black "Rossato, Armando"]
[Result "0-1"]
[WhiteElo "2247"]
[BlackElo "1959"]
[PlyCount "80"]
[EventDate "1999.06.20"]

1. g3 e5 2. Nf3 Nc6 3. d3 d5 4. Nbd2 Nf6 5. c4 Bc5 6. cxd5 Qxd5 7. Qa4 O-O 8.
Bg2 Nd4 9. Qd1 Bg4 10. O-O Nxf3+ 11. Nxf3 Rad8 12. Qc2 Bb6 13. a4 Rfe8 14. Nd2
e4 15. Nxe4 Nxe4 16. dxe4 Qh5 17. a5 Bxa5 18. Be3 b6 19. Rfd1 c5 20. Rxd8 Rxd8
21. Rd1 Rxd1+ 22. Qxd1 h6 23. f3 Be6 24. f4 Bg4 25. Qd8+ Kh7 26. e5 Qg6 27. h3
Bxh3 28. Bd2 Qxg3 29. Qd3+ Qxd3 30. exd3 Bxd2 31. Bxh3 Bxf4 32. Bf5+ g6 33. e6
fxe6 34. Bxe6 Kg7 35. Bc4 Kf6 36. Kf2 Be5 37. b3 Kf5 38. Ke3 g5 39. Ba6 Bd4+
40. Kf3 g4+ 0-1

[Event "C.to Italiano Semifinale"]
[Site "Saint Vincent - Chatillon ITA"]
[Date "1999.06.22"]
[Round "3"]
[White "Iotti, Pierluigi"]
[Black "Mariano, Elia"]
[Result "1-0"]
[WhiteElo "2318"]
[BlackElo "2254"]
[PlyCount "63"]
[EventDate "1999.06.20"]

1. d4 d5 2. c4 e6 3. Nc3 Nf6 4. Nf3 c6 5. e3 Nbd7 6. Qc2 Bd6 7. b3 O-O 8. Be2
dxc4 9. bxc4 e5 10. O-O exd4 11. exd4 Qc7 12. Rd1 Re8 13. Bg5 Bf4 14. Bh4 a6
15. a4 Qd6 16. c5 Qc7 17. Bc4 Nf8 18. Bxf6 gxf6 19. g3 Bg4 20. Qd3 Ng6 21. Re1
Bh6 22. Ne4 Rxe4 23. Qxe4 f5 24. Qd3 Rd8 25. Rad1 Bg7 26. d5 Bxf3 27. Qxf3 Ne5
28. Qf4 cxd5 29. Rxd5 Rxd5 30. Bxd5 Qe7 31. Kg2 Kf8 32. Qxf5 1-0

[Event "C.to Italiano Semifinale"]
[Site "Saint Vincent - Chatillon ITA"]
[Date "1999.06.22"]
[Round "3"]
[White "Luciani, Valerio"]
[Black "Rettore, Ludwig"]
[Result "1/2-1/2"]
[WhiteElo "2238"]
[BlackElo "1675"]
[PlyCount "48"]
[EventDate "1999.06.20"]

1. c4 e5 2. Nc3 Nf6 3. g3 Nc6 4. Bg2 Bb4 5. Nd5 Bc5 6. e3 O-O 7. Ne2 Nxd5 8.
cxd5 Ne7 9. d4 exd4 10. Nxd4 c6 11. Nb3 Nxd5 12. Nxc5 Qa5+ 13. Bd2 Qxc5 14. Rc1
Qb5 15. Bxd5 Qxd5 16. O-O Qxa2 17. Bc3 Qe6 18. Qd4 f6 19. Bb4 Re8 20. Bd6 b6
21. b4 Qe4 22. Rfd1 Qxd4 23. Rxd4 Re6 24. Ra1 Bb7 1/2-1/2

[Event "C.to Italiano Semifinale"]
[Site "Saint Vincent - Chatillon ITA"]
[Date "1999.06.22"]
[Round "3"]
[White "Malfagia, Andrea"]
[Black "Costantini, Roberto"]
[Result "1/2-1/2"]
[WhiteElo "2308"]
[BlackElo "2158"]
[PlyCount "64"]
[EventDate "1999.06.20"]

1. d4 Nf6 2. c4 c5 3. d5 b5 4. cxb5 a6 5. e3 g6 6. Nc3 Bg7 7. Nf3 O-O 8. a4 Bb7
9. Ra3 axb5 10. Bxb5 e6 11. e4 exd5 12. exd5 Re8+ 13. Be3 Ng4 14. Qd2 Nxe3 15.
fxe3 Bh6 16. Nd1 Na6 17. O-O Nb4 18. d6 Bf8 19. e4 Rxe4 20. Nf2 Re6 21. Ng4
Rxd6 22. Qf4 Qe7 23. Re3 Nd5 24. Rxe7 Nxf4 25. Rxd7 Rxd7 26. Nf6+ Kh8 27. Nxd7
Bg7 28. Nxc5 Bd5 29. b4 Bc3 30. Na6 Bb7 31. Nc5 Bd5 32. Na6 Bb7 1/2-1/2

[Event "C.to Italiano Semifinale"]
[Site "Saint Vincent - Chatillon ITA"]
[Date "1999.06.22"]
[Round "3"]
[White "Mauro, Alan"]
[Black "Martorelli, Antonio"]
[Result "1-0"]
[WhiteElo "2263"]
[BlackElo "2346"]
[PlyCount "135"]
[EventDate "1999.06.20"]

1. e4 c5 2. Nf3 e6 3. d4 cxd4 4. Nxd4 a6 5. Bd3 Nf6 6. O-O Qc7 7. Kh1 Nc6 8.
Nxc6 dxc6 9. f4 e5 10. Nd2 Bc5 11. Nc4 Ng4 12. Qf3 b5 13. Nxe5 Nxe5 14. fxe5
O-O 15. Qg3 Kh8 16. Bf4 Be6 17. a4 b4 18. b3 a5 19. Rf3 Bd4 20. Raf1 Rae8 21.
Qh4 Bxe5 22. Qh5 Bxf4 23. Rxf4 g6 24. Qg5 Qd8 25. Qc5 Bxb3 26. Qxc6 Be6 27. Bc4
Qd4 28. Bxe6 Rxe6 29. Qc7 Qe5 30. Qc4 Kg7 31. h3 Re7 32. Qd3 f6 33. Qa6 Rff7
34. Qb6 Re6 35. Qd8 Rc6 36. R4f2 Qxe4 37. Qxa5 Rb7 38. Rf4 Qe2 39. Qd8 Qe5 40.
R4f2 f5 41. Rd1 Qe7 42. Qd5 Qc5 43. Qf3 Re7 44. Re2 Rcc7 45. Rxe7+ Rxe7 46. Qd3
h5 47. Qd8 Rc7 48. Rd7+ Rxd7 49. Qxd7+ Kf6 50. Qd8+ Ke5 51. a5 Qxc2 52. Qe7+
Kd5 53. Qxb4 Qc1+ 54. Kh2 Qc7+ 55. Kg1 Qc1+ 56. Kf2 f4 57. Qb7+ Ke6 58. Qb6+
Kf5 59. a6 Qd2+ 60. Kg1 Qe1+ 61. Kh2 Qg3+ 62. Kh1 Qe1+ 63. Qg1 Qa5 64. a7 Kg5
65. Qf2 Kf5 66. h4 Kg4 67. Qf3+ Kxh4 68. Qxf4# 1-0